[Event "31st Bulgarian Open Chmpionshi"]
[Site "Plovdiv, Bulgaria"]
[Date "2009.02.05"]
[Round "7.7"]
[White "Nikolov, Sasho"]
[Black "Arnaudov, G  Petar"]
[Result "1/2-1/2"]
[WhiteElo "2398"]
[BlackElo "2347"]
[PlyCount "88"]
[EventDate "2009.02.01"]

1. e4 c5 2. Nf3 Nc6 3. d4 cxd4 4. Nxd4 e6 5. Nc3 Qc7 6. Be3 a6 7. Be2 Nf6 8.
O-O Bb4 9. Na4 Be7 10. Nxc6 bxc6 11. Nb6 Rb8 12. Nxc8 Qxc8 13. Bd4 Qc7 14. e5
Nd5 15. c4 Nf4 16. Bf3 Ng6 17. Re1 O-O 18. Be4 Bb4 19. Re3 c5 20. Bc3 Bxc3 21.
bxc3 Nxe5 22. Bxh7+ Kxh7 23. Qh5+ Kg8 24. Rxe5 Qa5 25. Rf1 Qxa2 26. h3 Rb1 27.
Rxb1 Qxb1+ 28. Kh2 d6 29. Rg5 Qe4 30. Qd1 Qf4+ 31. Rg3 Rb8 32. Kg1 Rb2 33. Rf3
Qe5 34. g4 Qe2 35. Qxd6 Rb1+ 36. Kg2 Qd1 37. Qxd1 Rxd1 38. Re3 Rd6 39. Re5 Rc6
40. Re2 Rd6 41. Re5 a5 42. Rxc5 Ra6 43. Rc8+ Kh7 44. Rb8 Rc6 1/2-1/2

[Event "31st Bulgarian Open Chmpionshi"]
[Site "Plovdiv, Bulgaria"]
[Date "2009.02.05"]
[Round "7.8"]
[White "Dimitrov, Pavel"]
[Black "Andonovski, Ljubisa"]
[Result "1/2-1/2"]
[WhiteElo "2395"]
[BlackElo "2270"]
[PlyCount "110"]
[EventDate "2009.02.01"]

1. e4 c5 2. Nf3 e6 3. d4 cxd4 4. Nxd4 Nc6 5. c4 Nf6 6. Nc3 Bb4 7. Nxc6 dxc6 8.
Qxd8+ Kxd8 9. Bd2 e5 10. O-O-O Ke8 11. f3 Be6 12. Kc2 Bc5 13. Na4 Bd4 14. Bc3
c5 15. Bxd4 cxd4 16. Nc5 b6 17. Nxe6 fxe6 18. Rd3 Ke7 19. Ra3 g5 20. Kd2 g4 21.
Be2 Rhc8 22. Rc1 a5 23. Rb3 gxf3 24. gxf3 Nd7 25. Rg1 Rg8 26. Rg3 Rg6 27. Rh3
h6 28. Rg3 Rg5 29. Rb5 Rxg3 30. hxg3 Rg8 31. g4 Rc8 32. Rb3 Kf6 33. a3 Kg5 34.
c5 Rxc5 35. Bb5 Nf8 36. Be2 Rc6 37. f4+ exf4 38. Rb5+ Kh4 39. Kd3 Kg3 40. Kxd4
f3 41. Rb3 e5+ 42. Kxe5 Ng6+ 43. Kd5 Ne7+ 44. Ke5 Ng6+ 45. Kd5 Rc5+ 46. Kd6 Ne5
47. Bxf3 Nxf3 48. Rxb6 Rc8 49. e5 Ng5 50. Kd7 Rh8 51. e6 Nxe6 52. Rxe6 Kxg4 53.
b4 axb4 54. axb4 Rb8 55. Rxh6 Rxb4 1/2-1/2

[Event "31st Bulgarian Open Chmpionshi"]
[Site "Plovdiv, Bulgaria"]
[Date "2009.02.05"]
[Round "7.9"]
[White "Chatalbashev, Boris"]
[Black "Simjanovski, Saso"]
[Result "1-0"]
[WhiteElo "2560"]
[BlackElo "2217"]
[PlyCount "102"]
[EventDate "2009.02.01"]

1. d4 g6 2. e4 Bg7 3. Nc3 d6 4. Bg5 c6 5. Qd2 b5 6. f4 a6 7. Nf3 Bg4 8. O-O-O
Nd7 9. Kb1 Nb6 10. f5 Rb8 11. Qf4 Bxf3 12. Qxf3 Qc7 13. g4 b4 14. Ne2 c5 15.
dxc5 dxc5 16. Bf4 Be5 17. Qg3 Bxf4 18. Qxf4 Qxf4 19. Nxf4 Nf6 20. Bxa6 O-O 21.
Nd3 Nxg4 22. h3 Ne3 23. Rde1 Nec4 24. Nxc5 Ne5 25. Rd1 Rfd8 26. Rxd8+ Rxd8 27.
Nd3 Nxd3 28. cxd3 Kg7 29. fxg6 hxg6 30. Bb5 f5 31. exf5 gxf5 32. Kc2 Rd4 33.
Kb3 e5 34. Rc1 Nd5 35. Bc4 Nf4 36. Rg1+ Kf6 37. Rg3 Rd8 38. Kxb4 Rb8+ 39. Ka3
Rh8 40. b4 Nxh3 41. b5 f4 42. Rf3 Ng5 43. Rf1 Ke7 44. Kb4 Kd6 45. a4 f3 46. a5
Rf8 47. a6 e4 48. dxe4 Nxe4 49. Re1 Ke5 50. a7 f2 51. Rd1 Ng3 1-0

[Event "31st Bulgarian Open Chmpionshi"]
[Site "Plovdiv, Bulgaria"]
[Date "2009.02.05"]
[Round "7.10"]
[White "Rusev, Krasimir"]
[Black "Vasilev, Vasil Aleksandrov"]
[Result "1/2-1/2"]
[WhiteElo "2546"]
[BlackElo "2306"]
[PlyCount "42"]
[EventDate "2009.02.01"]

1. d4 Nf6 2. c4 c5 3. d5 b5 4. cxb5 a6 5. b6 g6 6. Nc3 Bg7 7. Nf3 d6 8. Nd2
Nbd7 9. e4 O-O 10. Be2 Nxb6 11. O-O e6 12. dxe6 Bxe6 13. Nf3 d5 14. exd5 Nfxd5
15. Nxd5 Qxd5 16. Bd2 Nc4 17. Bc3 Qxd1 18. Raxd1 Nxb2 19. Bxg7 Kxg7 20. Rd2
Rab8 21. Rc1 Rfd8 1/2-1/2

[Event "31st Bulgarian Open Chmpionshi"]
[Site "Plovdiv, Bulgaria"]
[Date "2009.02.05"]
[Round "7.11"]
[White "Petrov, Marijan"]
[Black "Vasovski, Nikola"]
[Result "0-1"]
[WhiteElo "2477"]
[BlackElo "2328"]
[PlyCount "115"]
[EventDate "2009.02.01"]

1. e4 c5 2. Nf3 Nc6 3. d4 cxd4 4. Nxd4 Nf6 5. Nc3 e6 6. Nxc6 bxc6 7. e5 Nd5 8.
Ne4 Qc7 9. f4 Qb6 10. Bd3 Nb4 11. a3 Nxd3+ 12. Qxd3 c5 13. c4 Bb7 14. O-O Be7
15. Bd2 Qxb2 16. Bc3 Qb6 17. Rf2 Qc6 18. Re2 Qa6 19. Rd1 Qa4 20. Nd6+ Bxd6 21.
exd6 O-O 22. Re5 Rac8 23. Rh5 Be4 24. Qe2 Qc2 25. Qxc2 Bxc2 26. Rd2 Bg6 27. Re5
f6 28. Re3 Rc6 29. Ba5 Rb8 30. Bc7 Rb1+ 31. Kf2 Bf5 32. a4 Rb4 33. h3 h5 34.
Rc3 Rxa4 35. Rb2 Rb4 36. Ra2 a6 37. Kg3 Kf7 38. Kh4 Bb1 39. Ra1 Be4 40. Ra2 Bb1
41. Ra1 g6 42. g4 hxg4 43. hxg4 Rb2 44. Re3 Ba2 45. Rc1 a5 46. f5 e5 47. fxg6+
Kxg6 48. Rf3 Rd2 49. Rcf1 Rdxd6 50. Bxd6 Rxd6 51. Ra1 Bxc4 52. Rxa5 Rc6 53. Ra7
Be6 54. Ra8 c4 55. Rf8 Bf7 56. Rh3 c3 57. Kg3 c2 58. Rfh8 0-1

[Event "31st Bulgarian Open Chmpionshi"]
[Site "Plovdiv, Bulgaria"]
[Date "2009.02.05"]
[Round "7.12"]
[White "Janev, Evgeni"]
[Black "Dinev, Dejan"]
[Result "1-0"]
[WhiteElo "2454"]
[BlackElo "2303"]
[PlyCount "65"]
[EventDate "2009.02.01"]

1. e4 e6 2. d4 d5 3. Nd2 Be7 4. Ngf3 c5 5. exd5 Qxd5 6. dxc5 Qxc5 7. Bd3 Nf6 8.
O-O O-O 9. Qe2 Nc6 10. Ne4 Nxe4 11. Bxe4 Nd4 12. Nxd4 Qxd4 13. Rd1 Qb6 14. Bf4
f6 15. a4 e5 16. Qh5 f5 17. Bd5+ Be6 18. Bxe5 Bxd5 19. Rxd5 Qe6 20. Rad1 Rfd8
21. Rxd8+ Rxd8 22. Bc3 Rxd1+ 23. Qxd1 Bf6 24. Bxf6 gxf6 25. h3 Kf7 26. b3 a6
27. Kf1 Kg6 28. Qd3 Kg7 29. Qg3+ Kf8 30. Qb8+ Kg7 31. Qxb7+ Kh6 32. Qf3 Qd6 33.
Qd3 1-0

[Event "31st Bulgarian Open Chmpionshi"]
[Site "Plovdiv, Bulgaria"]
[Date "2009.02.05"]
[Round "7.13"]
[White "Popchev, Milko"]
[Black "Galunov, Todor"]
[Result "1-0"]
[WhiteElo "2444"]
[BlackElo "2297"]
[PlyCount "81"]
[EventDate "2009.02.01"]

1. Nc3 e5 2. Nf3 Nc6 3. d4 exd4 4. Nxd4 Nf6 5. Bg5 Bb4 6. Nxc6 bxc6 7. Qd4 c5
8. Qe5+ Kf8 9. O-O-O d6 10. a3 Be6 11. Bxf6 gxf6 12. Qe3 Bxc3 13. Qxc3 Rg8 14.
g3 Kg7 15. Bg2 Rb8 16. Rd3 Qe7 17. Rhd1 Rb6 18. g4 Bxg4 19. Re3 Be6 20. f4 Kh8
21. Bh1 Qd8 22. Bf3 Kg7 23. Be4 Kf8 24. Qxc5 f5 25. Bf3 Qf6 26. Qc3 Qxc3 27.
Rxc3 c5 28. Bh1 Ke7 29. Rh3 Rg4 30. Rxh7 Rxf4 31. Bf3 Kf6 32. Rh8 Ra4 33. h4
Ra5 34. h5 Rab5 35. b3 c4 36. bxc4 Rb1+ 37. Kd2 Rxd1+ 38. Kxd1 Bxc4 39. Rg8
Rb1+ 40. Kd2 f4 41. h6 1-0

[Event "31st Bulgarian Open Chmpionshi"]
[Site "Plovdiv, Bulgaria"]
[Date "2009.02.05"]
[Round "7.14"]
[White "Miljkovic, Miroslav D"]
[Black "Jevtic, Sasa"]
[Result "1-0"]
[WhiteElo "2442"]
[BlackElo "2275"]
[PlyCount "46"]
[EventDate "2009.02.01"]

1. d4 d5 2. c4 e6 3. Nc3 Be7 4. Nf3 Nf6 5. Bg5 Nbd7 6. e3 c6 7. Rc1 O-O 8. a3
Ne4 9. Bxe7 Qxe7 10. Qc2 f5 11. Bd3 g5 12. O-O g4 13. Ne1 Qg5 14. Qe2 Ndf6 15.
f3 Nd6 16. c5 Nf7 17. f4 Qg7 18. b4 h5 19. b5 h4 20. bxc6 bxc6 21. Rb1 Nh5 22.
Qc2 Ng3 23. hxg3 hxg3 1-0

[Event "31st Bulgarian Open Chmpionshi"]
[Site "Plovdiv, Bulgaria"]
[Date "2009.02.05"]
[Round "7.15"]
[White "Dinic, Dragan"]
[Black "Dochev, Dimitar"]
[Result "1/2-1/2"]
[WhiteElo "2315"]
[BlackElo "2433"]
[PlyCount "39"]
[EventDate "2009.02.01"]

1. e4 e6 2. d4 d5 3. Nc3 Bb4 4. Bd2 dxe4 5. Qg4 Qxd4 6. Nf3 f5 7. Qh5+ g6 8.
Nxd4 gxh5 9. O-O-O Nf6 10. Bc4 Nc6 11. Nxe6 Bxe6 12. Bxe6 Nd4 13. Bc4 Ng4 14.
Nd5 Bd6 15. Bc3 c5 16. Bxd4 cxd4 17. Rxd4 O-O-O 18. f3 Bc5 19. Rd2 Ne3 20. Bb3
1/2-1/2

[Event "31st Bulgarian Open Chmpionshi"]
[Site "Plovdiv, Bulgaria"]
[Date "2009.02.05"]
[Round "7.16"]
[White "Shishkov, Minko"]
[Black "Spassov, Liuben"]
[Result "1/2-1/2"]
[WhiteElo "2271"]
[BlackElo "2417"]
[PlyCount "32"]
[EventDate "2009.02.01"]

1. d4 Nf6 2. c4 e6 3. Nc3 Bb4 4. Nf3 d5 5. Qa4+ Nc6 6. e3 O-O 7. Bd2 a6 8. Rd1
Bd7 9. Qc2 dxc4 10. Bxc4 Bd6 11. Ne4 Nb4 12. Qb3 Nxe4 13. Bxb4 Bb5 14. O-O Bxc4
15. Qxc4 Bxb4 16. Qxb4 Rb8 1/2-1/2

[Event "31st Bulgarian Open Chmpionshi"]
[Site "Plovdiv, Bulgaria"]
[Date "2009.02.05"]
[Round "7.17"]
[White "Popovic, Milos T"]
[Black "Angelov, Kosta"]
[Result "1/2-1/2"]
[WhiteElo "2400"]
[BlackElo "2229"]
[PlyCount "88"]
[EventDate "2009.02.01"]

1. d4 g6 2. h4 h6 3. e4 Bg7 4. Nc3 d6 5. h5 g5 6. Be3 Nc6 7. Bc4 Nf6 8. f3 e6
9. Bb3 Bd7 10. Nge2 Qe7 11. Qd2 O-O-O 12. O-O-O Na5 13. Kb1 Kb8 14. Nc1 Rc8 15.
d5 Rhd8 16. Qf2 b6 17. g4 c5 18. dxc6 Bxc6 19. Qh2 Kb7 20. Rhe1 Nxb3 21. axb3
d5 22. e5 Nd7 23. Bd4 f6 24. exf6 Bxf6 25. Bxf6 Qxf6 26. b4 a6 27. Nb3 e5 28.
Nxd5 Qxf3 29. Ne7 Rc7 30. Nxc6 Rxc6 31. Rd3 Qxg4 32. Rxe5 Nxe5 33. Rxd8 Qf4 34.
Qe2 Rc7 35. Nd4 Nc6 36. Nxc6 Rxc6 37. Rd7+ Rc7 38. Qg2+ Ka7 39. Qc6 Rxd7 40.
Qxd7+ Kb8 41. Qc6 Qxb4 42. Qxh6 Qe1+ 43. Ka2 Qa5+ 44. Kb1 Qe1+ 1/2-1/2

[Event "31st Bulgarian Open Chmpionshi"]
[Site "Plovdiv, Bulgaria"]
[Date "2009.02.05"]
[Round "7.18"]
[White "Milchev, Nikolay"]
[Black "Bonev, Todor"]
[Result "1-0"]
[WhiteElo "2377"]
[BlackElo "2246"]
[PlyCount "53"]
[EventDate "2009.02.01"]

1. Nf3 Nf6 2. c4 g6 3. Nc3 Bg7 4. e4 d6 5. d4 O-O 6. h3 c5 7. d5 e6 8. Bd3 exd5
9. exd5 Re8+ 10. Kf1 Na6 11. g3 Bd7 12. Kg2 Nc7 13. a4 b6 14. Bg5 h6 15. Be3 a6
16. Qd2 Kh7 17. h4 Ng4 18. Bf4 Bf5 19. h5 Qf6 20. hxg6+ fxg6 21. Bxf5 gxf5 22.
Rh5 Qg6 23. Rah1 Rf8 24. Qc2 Rae8 25. Rg5 Bxc3 26. Rxg6 Kxg6 27. Nh4+ 1-0

[Event "31st Bulgarian Open Chmpionshi"]
[Site "Plovdiv, Bulgaria"]
[Date "2009.02.05"]
[Round "7.19"]
[White "Kukov, Velislav"]
[Black "Janachkov, Angel"]
[Result "1-0"]
[WhiteElo "2373"]
[BlackElo "2243"]
[PlyCount "120"]
[EventDate "2009.02.01"]

1. d4 Nf6 2. Nf3 g6 3. c4 Bg7 4. Nc3 O-O 5. e4 d6 6. h3 e5 7. dxe5 dxe5 8. Qxd8
Rxd8 9. Bg5 c6 10. Nxe5 Re8 11. O-O-O Na6 12. Nf3 h6 13. Be3 Nxe4 14. Nxe4 Rxe4
15. Rd8+ Kh7 16. Bd3 Rxe3 17. fxe3 Bf6 18. Re8 Nc7 19. Re4 Kg7 20. g4 Ne6 21.
Bc2 c5 22. h4 b6 23. g5 hxg5 24. hxg5 Nxg5 25. Nxg5 Bxg5 26. Rg1 Bf6 27. Re8
Bb7 28. Rxa8 Bxa8 29. b3 Kf8 30. Kd2 Ke7 31. Rg4 Be5 32. Ke2 Bc6 33. Rh4 Bf6
34. Rh7 Ke6 35. Kf2 Be5 36. Bd1 Bf6 37. Bf3 Bxf3 38. Kxf3 Bc3 39. Rh1 Bf6 40.
Rd1 Bh4 41. Rd5 Be7 42. e4 Bd6 43. Kg4 Be7 44. Kf4 Bf6 45. e5 Be7 46. Ke4 f5+
47. exf6 Bxf6 48. Rd1 a6 49. Rg1 g5 50. Rh1 b5 51. Rh6 bxc4 52. bxc4 a5 53. a4
Kf7 54. Kf5 Bc3 55. Rh7+ Ke8 56. Kxg5 Kd8 57. Kf5 Kc8 58. Ke6 Kb8 59. Kd6 Bb4
60. Kc6 Ba3 1-0

[Event "31st Bulgarian Open Chmpionshi"]
[Site "Plovdiv, Bulgaria"]
[Date "2009.02.05"]
[Round "7.20"]
[White "Nikolaidis, Konstantinos"]
[Black "Stamenkov, Vanco"]
[Result "0-1"]
[WhiteElo "2264"]
[BlackElo "2333"]
[PlyCount "64"]
[EventDate "2009.02.01"]

1. d4 Nf6 2. c4 e6 3. Nc3 Bb4 4. e3 O-O 5. Nge2 d5 6. a3 Bd6 7. c5 Be7 8. b4 b6
9. Rb1 c6 10. Ng3 bxc5 11. bxc5 e5 12. Be2 Nfd7 13. O-O g6 14. Qa4 Bf6 15. Bd2
h5 16. Rfd1 Re8 17. Be1 exd4 18. exd4 h4 19. Nf1 Nf8 20. Bf3 Ne6 21. Nxd5 cxd5
22. Bxd5 Bd7 23. c6 Nxc6 24. Bxc6 Bxc6 25. Qxc6 Nxd4 26. Qc5 h3 27. gxh3 Rc8
28. Qa5 Qd7 29. Qb4 Nf3+ 30. Kh1 Qxh3 31. Bd2 Be5 32. Bf4 Nh4 0-1

[Event "31st Bulgarian Open Chmpionshi"]
[Site "Plovdiv, Bulgaria"]
[Date "2009.02.05"]
[Round "7.21"]
[White "Stoyanov, Stoyan H"]
[Black "Vasilev, Milen"]
[Result "1-0"]
[WhiteElo "2137"]
[BlackElo "2502"]
[PlyCount "108"]
[EventDate "2009.02.01"]

1. d4 Nf6 2. c4 c5 3. d5 b5 4. a4 bxc4 5. Nc3 d6 6. e4 e5 7. Bxc4 Be7 8. Nge2
O-O 9. O-O Nh5 10. f4 exf4 11. Nxf4 Nxf4 12. Bxf4 Nd7 13. Nb5 Nb6 14. Be2 a6
15. Na3 Bg5 16. Bg3 Re8 17. Qc2 Bd7 18. b3 Bf6 19. Rab1 Be5 20. Bxe5 Rxe5 21.
Nc4 Nxc4 22. Bxc4 a5 23. Rf4 Qe7 24. Rbf1 f6 25. Bd3 Rb8 26. Bc4 Rb4 27. h3 Be8
28. Re1 Bg6 29. Re2 f5 30. g4 fxe4 31. Re3 Rb8 32. Qd2 h6 33. Kg2 Qd8 34. Kg3
Re8 35. h4 Qe7 36. Qxa5 Rf8 37. Rxf8+ Rxf8 38. Qe1 Qe5+ 39. Kh3 h5 40. gxh5
Bxh5 41. Qg3 Qa1 42. Re1 Qa2 43. Rf1 Bf3 44. Rg1 Qb2 45. Qxd6 Qc3 46. Qg3 Kh8
47. d6 Qd4 48. Qg5 e3 49. Bd3 Qf6 50. Qxf6 Rxf6 51. Re1 Rxd6 52. Rxe3 Bc6 53.
Bc4 Kh7 54. Kg3 Bd5 1-0

[Event "31st Bulgarian Open Chmpionshi"]
[Site "Plovdiv, Bulgaria"]
[Date "2009.02.05"]
[Round "7.23"]
[White "Dobrev, Nanko"]
[Black "Petkov, Hristo"]
[Result "1/2-1/2"]
[WhiteElo "2409"]
[BlackElo "2098"]
[PlyCount "110"]
[EventDate "2009.02.01"]

1. e4 c5 2. Nf3 e6 3. d4 cxd4 4. Nxd4 Nf6 5. Nc3 d6 6. Be2 a6 7. O-O Be7 8. Be3
O-O 9. f4 Qc7 10. Bf3 Nc6 11. Kh1 Nxd4 12. Qxd4 e5 13. Qd2 exf4 14. Bxf4 Be6
15. Rad1 Rfd8 16. Rf2 Rac8 17. Qd4 b5 18. Rfd2 Qa5 19. a3 h6 20. Qf2 b4 21. Nb1
bxa3 22. Nxa3 d5 23. exd5 Bxd5 24. Bxd5 Nxd5 25. Be5 Nf6 26. Rxd8+ Rxd8 27.
Rxd8+ Qxd8 28. Qe2 Bxa3 29. bxa3 Qe7 30. Qe1 Ng4 31. Bc3 Qxa3 32. h3 Nf6 33.
Be5 Qc5 34. c3 a5 35. Bd4 Qd6 36. Qa1 Ne4 37. Qxa5 Ng3+ 38. Kg1 Ne2+ 39. Kf2
Nxd4 40. Qa8+ Qf8 41. Qxf8+ Kxf8 42. cxd4 Ke7 43. Ke3 Kd6 44. g4 Kd5 45. h4 Ke6
46. Ke4 Kd6 47. d5 Kd7 48. Ke5 Ke7 49. d6+ Kd7 50. Kd5 h5 51. g5 f5 52. g6 f4
53. Ke4 Kxd6 54. Kxf4 Ke6 55. Kg5 Ke5 1/2-1/2

[Event "31st Bulgarian Open Chmpionshi"]
[Site "Plovdiv, Bulgaria"]
[Date "2009.02.05"]
[Round "7.24"]
[White "Elez, Nikola"]
[Black "Mitkov, Marjan"]
[Result "0-1"]
[WhiteElo "2078"]
[BlackElo "2387"]
[PlyCount "140"]
[EventDate "2009.02.01"]

1. e4 c5 2. b3 e6 3. Bb2 Nc6 4. Nf3 a6 5. Nc3 d5 6. g3 d4 7. Ne2 e5 8. d3 Bg4
9. Bg2 Qf6 10. Nd2 h5 11. h3 Be6 12. f4 h4 13. f5 hxg3 14. Nf3 Bd7 15. Bc1 g6
16. Nxg3 Bh6 17. Rf1 O-O-O 18. Bxh6 Nxh6 19. Qd2 Rdg8 20. O-O-O g5 21. Nh5 Qd8
22. Nh2 g4 23. hxg4 Nxg4 24. Nxg4 Rxg4 25. Bf3 Rg5 26. Rh1 Rhg8 27. Rh2 f6 28.
Rg2 Rxg2 29. Bxg2 Rg5 30. Bf3 Be8 31. Rh1 b5 32. Kb1 Bf7 33. Qc1 Kb7 34. Qa3
Kb6 35. Qc1 Qe7 36. Qb2 Bxh5 37. Bxh5 Qh7 38. Bf3 Qxh1+ 39. Bxh1 Rg1+ 40. Qc1
Rxc1+ 41. Kxc1 c4 42. a3 Na5 43. Kb2 Nb7 44. Bf3 Nc5 45. b4 Na4+ 46. Kc1 a5 47.
Bh5 Nc3 48. Kb2 Na4+ 49. Kc1 axb4 50. axb4 c3 51. Be8 Ka6 52. Kb1 Nb6 53. Bc6
Nc8 54. Be8 Kb6 55. Kc1 Nd6 56. Bh5 Kc6 57. Kd1 Kd7 58. Ke1 Ke7 59. Kf2 Nc8 60.
Ke1 Na7 61. Kd1 Nc6 62. Kc1 Nxb4 63. Kb1 Na6 64. Ka2 Nc5 65. Ka3 b4+ 66. Kxb4
Nxd3+ 67. Kc4 Nf2 68. Bf3 Kf8 69. Be2 Nxe4 70. Kd5 Nf2 0-1

[Event "31st Bulgarian Open Chmpionshi"]
[Site "Plovdiv, Bulgaria"]
[Date "2009.02.05"]
[Round "7.25"]
[White "Pantev, Veselin"]
[Black "Ostojic, Nikola M"]
[Result "1-0"]
[WhiteElo "2381"]
[BlackElo "2086"]
[PlyCount "53"]
[EventDate "2009.02.01"]

1. d4 d5 2. c4 c6 3. Nf3 Nf6 4. Qc2 e6 5. g3 Bd6 6. Bg2 O-O 7. O-O Nbd7 8. Nbd2
e5 9. cxd5 Nxd5 10. Nc4 Qe7 11. e4 Nb4 12. Qc3 exd4 13. Nxd4 Nb6 14. Nxd6 Qxd6
15. Be3 Qe7 16. Nf5 Bxf5 17. Bc5 Qc7 18. Qxb4 Be6 19. Bxf8 Rxf8 20. b3 Nd7 21.
Rfd1 c5 22. Qd2 Rc8 23. Qd6 a5 24. e5 b5 25. Bb7 Rd8 26. Bc6 h5 27. Qe7 1-0

[Event "31st Bulgarian Open Chmpionshi"]
[Site "Plovdiv, Bulgaria"]
[Date "2009.02.05"]
[Round "7.26"]
[White "Filev, Georgi"]
[Black "Dimitrov, Marin"]
[Result "1-0"]
[WhiteElo "2378"]
[BlackElo "2075"]
[PlyCount "89"]
[EventDate "2009.02.01"]

1. e4 c5 2. Nf3 Nc6 3. d4 cxd4 4. Nxd4 Nf6 5. Nc3 d6 6. Bg5 Qb6 7. Nb3 e6 8.
Qd2 Be7 9. O-O-O a6 10. f3 Bd7 11. Kb1 Qc7 12. h4 b5 13. h5 h6 14. Be3 Ne5 15.
Qf2 b4 16. Ne2 Nc4 17. Bc1 e5 18. g4 Be6 19. Ng3 d5 20. Bd3 d4 21. Nf5 Bxf5 22.
gxf5 Nd7 23. Qg3 Ne3 24. Rde1 Bg5 25. Nxd4 Rc8 26. Bxe3 Bxe3 27. Rxe3 exd4 28.
Qxg7 Qe5 29. Qxe5+ Nxe5 30. Re2 Nxf3 31. Bxa6 Rc5 32. Rf1 Rg8 33. a3 b3 34.
cxb3 Rg3 35. b4 Rc7 36. Ref2 Ng5 37. Rd2 Nxe4 38. Rxd4 Re3 39. Rc1 Rxc1+ 40.
Kxc1 Ke7 41. Bd3 Re1+ 42. Kc2 Nd6 43. b5 Re5 44. a4 Nxf5 45. Bxf5 1-0

[Event "31st Bulgarian Open Chmpionshi"]
[Site "Plovdiv, Bulgaria"]
[Date "2009.02.05"]
[Round "7.27"]
[White "Mladenov, Plamen"]
[Black "Andreev, Sasho"]
[Result "1-0"]
[WhiteElo "2373"]
[BlackElo "2063"]
[PlyCount "55"]
[EventDate "2009.02.01"]

1. c4 g6 2. Nc3 c5 3. Nf3 Bg7 4. e3 Nc6 5. d4 b6 6. Be2 d6 7. O-O Nf6 8. d5 Na5
9. Nd2 O-O 10. e4 Ne8 11. f4 f5 12. exf5 Bxf5 13. Nde4 h6 14. Ng3 Bd4+ 15. Kh1
e6 16. dxe6 Bxe6 17. Nd5 Ng7 18. a4 a6 19. Ra3 b5 20. axb5 axb5 21. Bf3 bxc4
22. f5 Nxf5 23. Nf4 Nxg3+ 24. hxg3 Bf5 25. Bxa8 Qxa8 26. Qe1 g5 27. Rxa5 Qc8
28. Nd5 1-0

[Event "31st Bulgarian Open Chmpionshi"]
[Site "Plovdiv, Bulgaria"]
[Date "2009.02.05"]
[Round "7.28"]
[White "Nadj Hedjesi, Balind"]
[Black "Andreev, Krasimir"]
[Result "1-0"]
[WhiteElo "2348"]
[BlackElo "2046"]
[PlyCount "37"]
[EventDate "2009.02.01"]

1. e4 e5 2. d4 exd4 3. Qxd4 Nc6 4. Qe3 Bb4+ 5. Nc3 Nge7 6. Bd2 O-O 7. O-O-O d6
8. h4 Kh8 9. Nh3 f6 10. Nf4 Ne5 11. h5 Ng8 12. Kb1 c6 13. Qg3 Qe8 14. Ng6+ Nxg6
15. hxg6 h6 16. Rh4 Bxc3 17. Bxc3 f5 18. Rxd6 Be6 19. Qg5 1-0

[Event "31st Bulgarian Open Chmpionshi"]
[Site "Plovdiv, Bulgaria"]
[Date "2009.02.05"]
[Round "7.29"]
[White "Stoyanov, Ivaylo"]
[Black "Stoinev, Metodi"]
[Result "1/2-1/2"]
[WhiteElo "2047"]
[BlackElo "2324"]
[PlyCount "147"]
[EventDate "2009.02.01"]

1. e4 e5 2. Nf3 Nc6 3. Nc3 Nf6 4. d4 Bb4 5. Nxe5 Bxc3+ 6. bxc3 Qe7 7. f3 Nxe5
8. dxe5 Qxe5 9. Qd4 d6 10. Be3 O-O 11. Bd3 Re8 12. O-O b6 13. a4 a5 14. Qxe5
Rxe5 15. Bd4 Re7 16. Bxf6 gxf6 17. Rfd1 Re5 18. Bb5 Rc5 19. Ra3 Be6 20. Rd4 Kf8
21. Kf2 Ke7 22. Ke3 h5 23. Bf1 Rg8 24. c4 f5 25. exf5 Rxf5 26. Kd2 Re5 27. Rh4
Bd7 28. g3 Bc6 29. Be2 Rh8 30. f4 Rc5 31. g4 Kf6 32. gxh5 Kg7 33. h6+ Rxh6 34.
Rxh6 Kxh6 35. Ke3 Kg6 36. h4 Kh6 37. Kd4 d5 38. cxd5 Rxd5+ 39. Ke3 Rc5 40. c4
f6 41. Kd4 Be8 42. Bf3 Bh5 43. Bd5 Bg4 44. Ra1 Bd7 45. Ra3 Kh5 46. Ke4 Kxh4 47.
Ra1 Kg3 48. Ra3+ Kg4 49. Ra1 f5+ 50. Ke3 Kh5 51. Kd4 Kg6 52. Ra2 Kf6 53. Ra1
Be6 54. Bxe6 Kxe6 55. Rh1 Kf6 56. Rh6+ Kf7 57. Kd3 Ke7 58. Kd4 Kd7 59. Rf6 Rc6
60. Rxf5 Rh6 61. c5 Kc6 62. cxb6 cxb6 63. Kc4 Rh3 64. Rf6+ Kb7 65. f5 Rh4+ 66.
Kb3 Rh3+ 67. Kb2 Rf3 68. Ka2 Rf4 69. Kb3 Rb4+ 70. Ka3 Kc7 71. Re6 Rd4 72. Rg6
Rd3+ 73. Ka2 Rd5 74. Rf6 1/2-1/2

[Event "31st Bulgarian Open Chmpionshi"]
[Site "Plovdiv, Bulgaria"]
[Date "2009.02.05"]
[Round "7.30"]
[White "Janev, Tihomir"]
[Black "Tzouganakis, Panteleimon"]
[Result "1/2-1/2"]
[WhiteElo "2297"]
[BlackElo "2023"]
[PlyCount "98"]
[EventDate "2009.02.01"]

1. d4 Nf6 2. Bg5 Ne4 3. Bf4 c5 4. f3 Nf6 5. dxc5 Qa5+ 6. Nc3 Qxc5 7. e4 d6 8.
Qd2 g6 9. Nge2 Nc6 10. O-O-O Bg7 11. Nd5 Nxd5 12. exd5 Ne5 13. Be3 Nc4 14. Bxc5
Nxd2 15. Bd4 Bxd4 16. Nxd4 Nxf1 17. Rhxf1 Bd7 18. Rfe1 f6 19. b3 Rc8 20. Kb2 b5
21. Rd3 Kf7 22. Rc3 b4 23. Rxc8 Rxc8 24. Ne2 Rc5 25. c4 bxc3+ 26. Nxc3 e6 27.
b4 Rc7 28. dxe6+ Bxe6 29. Nb5 Rd7 30. a4 a6 31. Nd4 Bd5 32. b5 axb5 33. axb5
Rc7 34. Rc1 Rxc1 35. Kxc1 Ke7 36. Kc2 Kd7 37. Kc3 Kc7 38. g3 Kb6 39. Kb4 f5 40.
f4 Bg2 41. Ne2 Bf1 42. Nc3 Bd3 43. Nd5+ Kb7 44. Ka5 Be4 45. Nb4 h6 46. h4 Ka7
47. Nc6+ Bxc6 48. bxc6 h5 49. Kb5 Kb8 1/2-1/2

[Event "31st Bulgarian Open Chmpionshi"]
[Site "Plovdiv, Bulgaria"]
[Date "2009.02.05"]
[Round "7.31"]
[White "Badev, Kiril"]
[Black "Angelov, Bojan"]
[Result "1-0"]
[WhiteElo "2297"]
[BlackElo "1990"]
[PlyCount "40"]
[EventDate "2009.02.01"]

1. e4 e5 2. d4 exd4 3. Qxd4 Nc6 4. Qe3 g6 5. Nc3 Bg7 6. Bd2 Nf6 7. O-O-O O-O 8.
Be1 Ng4 9. Qg3 d6 10. Be2 Nf6 11. h4 Qe7 12. f3 Nh5 13. Qh2 Qf6 14. Bd2 Qe5 15.
f4 Qa5 16. g4 Nf6 17. h5 Nxg4 18. Qg2 Nf6 19. hxg6 hxg6 20. f5 Ne7 1-0

[Event "31st Bulgarian Open Chmpionshi"]
[Site "Plovdiv, Bulgaria"]
[Date "2009.02.05"]
[Round "7.32"]
[White "Manelidou, Maria"]
[Black "Klasan, Vladimir"]
[Result "0-1"]
[WhiteElo "2035"]
[BlackElo "2290"]
[PlyCount "56"]
[EventDate "2009.02.01"]

1. e4 c5 2. Nf3 d6 3. d4 Nf6 4. dxc5 Qa5+ 5. c3 Qxc5 6. Bd3 g6 7. Be3 Qc7 8. h3
Bg7 9. Na3 a6 10. Nc2 O-O 11. O-O Nbd7 12. Re1 b6 13. Bf4 Bb7 14. Qe2 e5 15.
Bh2 Nc5 16. Nd2 Bh6 17. f3 Nh5 18. Nb3 Ne6 19. g3 Kh8 20. Ne3 f5 21. exf5 Bxe3+
22. Qxe3 gxf5 23. Nd4 Nxd4 24. cxd4 f4 25. gxf4 Qg7+ 26. Kf2 exf4 27. Qe7 Qxd4+
28. Kg2 Rg8+ 0-1

[Event "31st Bulgarian Open Chmpionshi"]
[Site "Plovdiv, Bulgaria"]
[Date "2009.02.05"]
[Round "7.33"]
[White "Pavlidis, Antonios"]
[Black "Ivanov, Borislav"]
[Result "1-0"]
[WhiteElo "2278"]
[BlackElo "1973"]
[PlyCount "47"]
[EventDate "2009.02.01"]

1. e4 c6 2. d4 d5 3. f3 e6 4. Nc3 Bb4 5. a3 Bxc3+ 6. bxc3 dxe4 7. Qe2 exf3 8.
Nxf3 b6 9. Qe3 Nf6 10. Bd3 Ba6 11. c4 Nbd7 12. O-O O-O 13. Bb2 Qc7 14. Rae1 c5
15. Kh1 cxd4 16. Qxd4 Qc5 17. Qf4 Rac8 18. Ne5 Qc7 19. Qg3 Kh8 20. Qh4 Nc5 21.
Rxf6 Nxd3 22. cxd3 Qd8 23. Ref1 gxf6 24. Nc6 1-0

[Event "31st Bulgarian Open Chmpionshi"]
[Site "Plovdiv, Bulgaria"]
[Date "2009.02.05"]
[Round "7.34"]
[White "Kozarev, Petar"]
[Black "Xia, Jie"]
[Result "0-1"]
[WhiteElo "2024"]
[BlackElo "2239"]
[PlyCount "94"]
[EventDate "2009.02.01"]

1. d4 Nf6 2. c4 g6 3. Nc3 Bg7 4. Nf3 O-O 5. g3 d6 6. Bg2 c6 7. O-O Nbd7 8. Qc2
e5 9. Rd1 Qe7 10. b3 Re8 11. Ba3 exd4 12. Rxd4 Nc5 13. Rad1 Bf5 14. Qc1 Nfe4
15. Nxe4 Bxd4 16. Nc3 Bg7 17. Nh4 Be6 18. e3 Rad8 19. b4 Nd7 20. b5 Ne5 21.
bxc6 bxc6 22. f4 Nxc4 23. Bxc6 Rf8 24. Ne4 Nxa3 25. Qxa3 Qc7 26. Bd5 Qc2 27.
Nf2 Qc5 28. Qb3 Rb8 29. Ne4 Bxd5 30. Nxc5 Bxb3 31. Nxb3 Rfe8 32. Kf2 Rb6 33.
Nf3 Rc8 34. Rd2 Bc3 35. Rc2 Rbc6 36. Ke2 a5 37. Kd3 Bb4 38. Rxc6 Rxc6 39. Nfd4
Rc3+ 40. Ke2 a4 41. Na1 Ra3 42. Nac2 Rxa2 43. Kd1 Bc5 44. Nb5 Rb2 45. Nc3 a3
46. Na4 Rb1+ 47. Ke2 a2 0-1